| 000 | 00443nam a2200169 a 4500 | ||
|---|---|---|---|
| 001 | 0000-8701 | ||
| 003 | ELIB.Books | ||
| 008 | 110520 2005 | ||
| 035 | _a(ELIB.Books)0000-8847 | ||
| 082 |
_a251 _bCra |
||
| 100 | _aCrabtree, T.T. | ||
| 245 | _aThe Zondervan 2005 Pastor's Annual | ||
| 260 |
_bGrand Rapids: Zondervan Publishing House _c2005 |
||
| 650 | _aPreaching | ||
| 942 |
_2ddc _cBK |
||
| 998 |
_cbat _e2011-05-20 |
||
| 999 |
_c8701 _d8701 |
||